Frommer's USA

Now appearing in our new format for the first time, this brand-new edition reflects all the wonderful Frommers domestic coverage thats appeared in the last two yearsall brought completely up to date for 1998. With almost 100 page of maps and wonderful scenic driving tours, Frommers U.S.A. has it all...

Szczegółowa specyfikacja

Zapisane w:
Opis bibliograficzny
Format: Książka
Język:Undetermined
Wydane: United States MacMillan 1998
Hasła przedmiotowe:
Etykiety: Dodaj etykietę
Nie ma etykietki, Dołącz pierwszą etykiete!
Thư viện lưu trữ: Trung tâm Học liệu Trường Đại học Cần Thơ
LEADER 01664nam a2200181Ia 4500
001 CTU_141338
008 210402s9999 xx 000 0 und d
082 |a 917.304927 
082 |b F932 
245 0 |a Frommer's USA 
245 0 |c Edited and compiled by Bill Goodwin 
260 |a United States 
260 |b MacMillan 
260 |c 1998 
520 |a Now appearing in our new format for the first time, this brand-new edition reflects all the wonderful Frommers domestic coverage thats appeared in the last two yearsall brought completely up to date for 1998. With almost 100 page of maps and wonderful scenic driving tours, Frommers U.S.A. has it all: the Grand Canyon, the California Wine Country, the Shenandoah Valley, Cape Cod, New Orleans, the Rockies, North Carolinas Outer Banks, Utahs spectacular national parks, and much, much moreall described in incredible detail. Weve chosen the very best hotels and restaurants throughout the country, with selections in every price range, and we havent skimped on shopping and nightlife. A special-interest vacation planner points you to the nations best outdoor adventures in and out of the national parks, plus ghost towns, foliage tours, learning vacations, and more.Here in one volume is the very best America has to offer: all major U.S. cities and resorts areas, plus the top national parks and monuments. Its a perfect choice for American travelers who want to explore all the wonders across their own country, and its indispensable for frequent business travelers and visitors from overseas. 
650 |a Hoa kỳ 
904 |i Trọng Hiếu 
980 |a Trung tâm Học liệu Trường Đại học Cần Thơ